00497 a2200181 450000100060000002000150000604000240002110000300004524000310007524500260010630000070013236200090013944000080014865000310015694200070018795201040019499900170029870826 a8532256724 cAnchieta - Itaigara aCruz, Therezinha M. L. da10aAmigos de todos jeitolpor10aAmigos de todos jeito a310 a2005 1aFTD 4aLiteratura infanto-juvenil cBK 00104070a88.1b88.1d2023-11-21l0o028.5 CRU AMIp4565/ITAr2023-11-21 20:05:58w2023-11-21yBK c70826d70826